Statistiques concernant One Piece-Tous les Zoan Antiques

Cliquez ici pour prendre le quiz!

Statistiques générales

  • Ce quiz a été pris 5 fois
  • Le résultat moyen est 7 sur 9

Statistiques - réponses

Zoan Antique% Correct
Fruit du Dinosaure version Allosaure
100%
Fruit du Dinosaure version Spinosaure
100%
Fruit du Dinosaure version Tricératops
100%
Fruit du Pachyderme version Mammouth
100%
Fruit du Dinosaure version Pachycéphalosaure
75%
Fruit du Félin version Tigre à dents de sabre
75%
Fruit de l'Araignée version Rosamygale grauvogeli
50%
Fruit du Dinosaure version Brachiosaure
50%
Fruit du Dinosaure version Ptéranodon
50%

Distribution des résultats

Percentile par nombre de réponses

% des personnes avec chaque résultat

Votre développement - résultats

Vous n’avez pas pris ce quiz